<?xml version="1.0" encoding="UTF-8"?>
<collection xmlns="http://www.loc.gov/MARC21/slim">
    <record>
        <controlfield tag="001">10557</controlfield>
        <controlfield tag="005">20150325140157.0</controlfield>
        <datafield tag="037" ind1=" " ind2=" ">
            <subfield code="a">TAZ-PFC-2013-247</subfield>
        </datafield>
        <datafield tag="041" ind1=" " ind2=" ">
            <subfield code="a">spa</subfield>
        </datafield>
        <datafield tag="100" ind1="1" ind2=" ">
            <subfield code="a">Garralaga Marquesan, Víctor</subfield>
        </datafield>
        <datafield tag="245" ind1="0" ind2="0">
            <subfield code="a">Estudio técnico y económico de alternativas en el uso de la energía geotérmica y solar térmica de baja temperatura como climatización y A.C.S. en una vivienda</subfield>
        </datafield>
        <datafield tag="260" ind1=" " ind2=" ">
            <subfield code="a">Zaragoza</subfield>
            <subfield code="b">Universidad de Zaragoza</subfield>
            <subfield code="c">2013</subfield>
        </datafield>
        <datafield tag="506" ind1=" " ind2=" ">
            <subfield code="a">by-nc-sa</subfield>
            <subfield code="b">Creative Commons</subfield>
            <subfield code="c">3.0</subfield>
            <subfield code="u">http://creativecommons.org/licenses/by-nc-sa/3.0/</subfield>
        </datafield>
        <datafield tag="520" ind1=" " ind2=" ">
            <subfield code="a">El presente proyecto tiene como finalidad el estudio técnico y económico de lo que supone la instalación de la energía geotérmica o energía solar de baja temperatura en una vivienda como medio para satisfacer las necesidades energéticas que ésta presenta. Se ha comenzado describiendo las características más importantes del edificio y definiendo los cerramientos que componen la envolvente térmica de éste, para más tarde calcular las demandas de calefacción, regrigeración y A.C.S. Para ello se ha efectuado el cálculo de cargas térmicas considerando las condiciones más desfavorables. Una vez conocida la demanda térmica del edificio se han estudiado las distintas alternativas renovables propuestas, tanto en lo referido a la instalación como a sus correspondientes equipos. Tanto los equipos elegidos como las redes diseñadas cumplen con las distintas especificaciones técnicas impuestas por el Reglamento de Instalaciones Térmicas de los Edificios (RITE) y por otros reglamentos aplicables. Para finalizar se ha realizado un estudio económico y medioambiental para dilucidar cual de las dos alternativas propuestas resulta más atractiva económicamente hablando.</subfield>
        </datafield>
        <datafield tag="521" ind1=" " ind2=" ">
            <subfield code="a">Ingeniero Técnico Industrial (Esp. Mecánica)</subfield>
        </datafield>
        <datafield tag="540" ind1=" " ind2=" ">
            <subfield code="a">Derechos regulados por licencia Creative Commons</subfield>
        </datafield>
        <datafield tag="653" ind1="1" ind2=" ">
            <subfield code="a">energía geotérmica</subfield>
        </datafield>
        <datafield tag="653" ind1="1" ind2=" ">
            <subfield code="a">energía solar térmica</subfield>
        </datafield>
        <datafield tag="653" ind1="1" ind2=" ">
            <subfield code="a">climatización</subfield>
        </datafield>
        <datafield tag="653" ind1="1" ind2=" ">
            <subfield code="a">estudio económico</subfield>
        </datafield>
        <datafield tag="700" ind1=" " ind2=" ">
            <subfield code="a">Llera Sastresa, Eva María</subfield>
            <subfield code="e">dir.</subfield>
        </datafield>
        <datafield tag="710" ind1="2" ind2=" ">
            <subfield code="a">Universidad de Zaragoza</subfield>
            <subfield code="b">Ingeniería Mecánica</subfield>
            <subfield code="c">Máquinas y Motores Térmicos</subfield>
        </datafield>
        <datafield tag="856" ind1="0" ind2=" ">
            <subfield code="f">609429@celes.unizar.es</subfield>
        </datafield>
        <datafield tag="856" ind1="4" ind2=" ">
            <subfield code="s">2967399</subfield>
            <subfield code="u">http://zaguan.unizar.es/record/10557/files/TAZ-PFC-2013-247.pdf</subfield>
            <subfield code="y">Memoria (spa)</subfield>
        </datafield>
        <datafield tag="856" ind1="4" ind2=" ">
            <subfield code="s">6713488</subfield>
            <subfield code="u">http://zaguan.unizar.es/record/10557/files/TAZ-PFC-2013-247_ANE.pdf</subfield>
            <subfield code="y">Anexos (spa)</subfield>
        </datafield>
        <datafield tag="909" ind1="C" ind2="O">
            <subfield code="o">oai:zaguan.unizar.es:10557</subfield>
            <subfield code="p">proyectos-fin-carrera</subfield>
            <subfield code="p">driver</subfield>
        </datafield>
        <datafield tag="950" ind1=" " ind2=" ">
            <subfield code="a"></subfield>
        </datafield>
        <datafield tag="980" ind1=" " ind2=" ">
            <subfield code="a">TAZ</subfield>
            <subfield code="b">PFC</subfield>
            <subfield code="c">EINA</subfield>
        </datafield>
    </record>

    
</collection>